Analýza ad-hoc monetárnych šokov v strednej a východnej Európe

Saved in:
Bibliographic Details
Main Author: Belitski, Maksim
Other Authors: Péliová, Jana, 1976-
Format: Book Chapter
Language:English
Subjects:
Tags: Add Tag
No Tags, Be the first to tag this record!

MARC

LEADER 00000naa$a2200000$$$4500
001 0106168
005 20240502072158.7
041 0 |a eng 
044 |a SK 
245 1 0 |a Analýza ad-hoc monetárnych šokov v strednej a východnej Európe  |c Maksim Belitski, Jana Péliová 
610 2 0 |a politika menová 
610 2 0 |a inflácia 
610 2 0 |a analýza regresná 
610 2 0 |a stredná Európa 
610 2 0 |a východná Európa 
100 1 |a Belitski, Maksim 
700 1 |a Péliová, Jana, 1976-